L'ART D'ELEVER LES ENFANTS EN 35 CONFERENCES SUR L'EDUCATION PHYSIQUE, INTELLECTUELLE ET MORALE DES ENFANTS. (Record n. 284017)

Dettagli MARC
000 -LEADER
fixed length control field 01103nam a2200229Ia 4500
001 - CONTROL NUMBER
control field L371-24914
003 - CONTROL NUMBER IDENTIFIER
control field IT-CnALBA
008 - FIXED-LENGTH DATA ELEMENTS--GENERAL INFORMATION
fixed length control field 170116s9999||||xx |||||||||||||| ||und||
040 ## - CATALOGING SOURCE
Original cataloging agency IT-CnALBA
Transcribing agency IT-CnALBA
041 ## - LANGUAGE CODE
Language code of text/sound track or separate title FRANCESE
999 ## - SYSTEM CONTROL NUMBERS (KOHA)
Koha Dewey Subclass [OBSOLETE] SI
100 ## - MAIN ENTRY--PERSONAL NAME
Personal name SIMON TH., ABBÈ
245 #0 - TITLE STATEMENT
Title L'ART D'ELEVER LES ENFANTS EN 35 CONFERENCES SUR L'EDUCATION PHYSIQUE, INTELLECTUELLE ET MORALE DES ENFANTS.
250 ## - EDITION STATEMENT
Edition statement 2a ed.
260 ## - PUBLICATION, DISTRIBUTION, ETC. (IMPRINT)
Place of publication, distribution, etc. PARIS
Name of publisher, distributor, etc. BEAUCHESNE GABR. E F. EDIT.
Date of publication, distribution, etc. 1925 [1° Ed.: n.d.]
300 ## - PHYSICAL DESCRIPTION
Extent 352 p. (prefazione: 8)
500 ## - GENERAL NOTE
General note EDUCAZIONE IN FAMIGLIA. LA RELIGIONE. BASE DI OGNI EDUCAZIONE. EDUCAZIONE FISICA, INTELLETTUALE, RELIGIOSA, MORALE. L'ENTUSIASMO. LA CHANTAL E L'EDUCAZIONE DEI SUOI FIGLI.
501 ## - WITH NOTE
With note Società San Paolo EM - Piazza San Paolo, 14 - 12051 ALBA (CN) (non commercial uses only) ® Copyright 2017
520 ## - SUMMARY, ETC.
Summary, etc. EDUCAZIONE IN FAMIGLIA. LA RELIGIONE. BASE DI OGNI EDUCAZIONE. EDUCAZIONE FISICA, INTELLETTUALE, RELIGIOSA, MORALE. L'ENTUSIASMO. LA CHANTAL E L'EDUCAZIONE DEI SUOI FIGLI.
650 ## - SUBJECT ADDED ENTRY--TOPICAL TERM
Topical term or geographic name as entry element ISTRUZIONE - EDUCAZIONE
942 ## - ADDED ENTRY ELEMENTS (KOHA)
Koha item type LIBRO
957 ## -
-- 1
999 ## - SYSTEM CONTROL NUMBERS (KOHA)
-- Copie: 1
Dati di copia
Withdrawn status Lost status Damaged status Not for loan Home library Current library Date acquired Total Checkouts Full call number Date last seen Price effective from Koha item type Public note
    Buone Condizioni Not For Loan ALBA - Biblioteca ALBA - Biblioteca 16/01/2017   L371-24914 16/01/2017 16/01/2017 LIBRO (data import: 16 gennaio 2017) - By Epidotti, Vaglietti.
CREDITS: SOCIETA' SAN PAOLO Via A.Severo, 58 - ROMA (RM) & PERIODICI SAN PAOLO SRL Via Giotto, 36 MILANO & CISF Via Giotto, 36 MILANO & EDIZIONI SAN PAOLO SRL,  Piazza Soncino, 5 CINISELLO BALSAMO (MI) -- ITALY